| 000 | 00863nam a2200241 i 4500 | ||
|---|---|---|---|
| 001 | 125158 | ||
| 003 | ES-MaACL | ||
| 005 | 20230906192551.0 | ||
| 007 | t| | ||
| 008 | 070504s1932 sp ||||1| spa d | ||
| 080 | _a86-22"19" | ||
| 100 | 1 |
_aQuintero, Antonio. _994718 |
|
| 245 | 1 | 3 |
_aLos caballeros _b: comedia popular en tres actos y en prosa / _cpor Antonio Quintero y Pascual Guillén ; dibujos de Antonio Merlo. |
| 260 |
_aMadrid : _bRivadeneyra, _c1932. |
||
| 300 |
_a60 p. ; _c17 cm. |
||
| 490 | 1 |
_aLa Farsa ; _v252 |
|
| 500 | _aEstrenada en el Teatro de la Zarzuela, de Madrid, la noche del 18 de diciembre de 1931. | ||
| 500 | _aCubierta de este número : una interesante escena de Los Caballeros. | ||
| 700 | 1 |
_aGuillén Aznar, Pascual. _960778 |
|
| 830 | 0 |
_aLa Farsa ; _v252 _9185863 |
|
| 852 |
_aES-MaACL _j2220-F-2 |
||
| 999 |
_c125158 _d125158 |
||